|
|
|
|
| LEADER |
00000nam0a2200000 4500 |
| 001 |
32704 |
| 005 |
20231030205245.0 |
| 035 |
|
|
|a (RuTPU)RU\TPU\book\33006
|
| 035 |
|
|
|a BOOK00000003
|
| 090 |
|
|
|a 32704
|
| 100 |
|
|
|a 20011210d1981 m y0rusy50 ca
|
| 101 |
1 |
|
|a rus
|c eng
|
| 102 |
|
|
|a RU
|
| 105 |
|
|
|a a z 000zy
|
| 200 |
1 |
|
|a Как же называется эта книга?
|e пер. с англ.
|f Р. М. Смаллиан
|
| 210 |
|
|
|a Москва
|c Мир
|d 1981
|
| 215 |
|
|
|a 239 с.
|c ил.
|
| 610 |
1 |
|
|a математика
|
| 610 |
1 |
|
|a занимательная математика
|
| 610 |
1 |
|
|a математическая логика
|
| 610 |
1 |
|
|a логические развлечения
|
| 610 |
1 |
|
|a головоломки
|
| 610 |
1 |
|
|a математические шутки
|
| 610 |
1 |
|
|a парадоксы
|
| 610 |
1 |
|
|a теоремы Геделя
|
| 675 |
|
|
|a 510.6
|v 3
|
| 700 |
|
1 |
|a Смаллиан
|b Р. М.
|g Рэймонд М.
|
| 801 |
|
0 |
|a RU
|b 63413507
|c 20011210
|g PSBO
|
| 801 |
|
2 |
|a RU
|b 63413507
|c 20071109
|g PSBO
|
| 942 |
|
|
|c BK
|